| 000 | 00632nam a22002057a 4500 | ||
|---|---|---|---|
| 005 | 20251108173138.0 | ||
| 008 | 250721s2005 xx 000 0 ara d | ||
| 082 | 1 | 4 | _aط/ 928.11/ عيد |
| 100 | 1 | _aأبو عيد، بنان محمود | |
| 245 | 1 | 0 | _aإيليا أبو ماضي شاعر المهجر الأكبر / |
| 264 | 1 |
_aعمان : _bدار الأسراء للنشر و التوزيع، _c2005. |
|
| 300 | _a80ص. | ||
| 650 | 1 | 7 | _aالشعراء |
| 650 | 1 | 7 | _aالتراجم |
| 650 | 1 | 7 | _aالعرب |
| 650 | 1 | 7 | _aلبنان |
| 653 | _aناشئون صغار (10-14) سنة | ||
| 942 |
_2ddc _cBK |
||
| 999 |
_c97115 _d97115 |
||